Quizzes
Events
Quiz Creation
Community
Videos
Private Events
Remove Ads
Sign In
Join for FREE
Feedback
Dark Mode
Quiz Categories
Sports
Geography
Music
Movies
Television
Just For Fun
Miscellaneous
History
Literature
Language
Science
Gaming
Entertainment
Religion
Holiday
For Kids
Quiz Lab
Recent
Popular Today
Quiz Kudos Today
Editor Picks
Curator Picks
Quizzes by...
Day
Popularity
Type
Ratings
Length
Year
Community
Subscriptions
Recent Discussions
Orange Saloon
Badges
Playlists
Quests
Create
Leaderboards
Showdown
Live 5
Trivia Bingo
Activity
Puzzle Library
Sporcle Events
Private Events
Virtual Trivia
Globe League
Become a Host
Pub Owners
SporcleCon
Opinionation
Our Games
Videos
Blog
Mobile Apps
Partnerships
Remove Ads and Go Orange
Feedback
Sports
Athletes
MLB
NBA
NHL
NFL
Soccer
Sports Teams
WWE
NCAA
Football
Premier League
Basketball
Baseball
Hockey
Golf
Tennis
Cricket
Rugby
Auto Racing
Olympics
World Cup
Sports
Athletes
MLB
NBA
NHL
NFL
Soccer
Sports Teams
WWE
NCAA
Football
Premier League
Basketball
Baseball
Hockey
Golf
Tennis
Cricket
Rugby
Auto Racing
Olympics
World Cup
Random Quiz
Search Sporcle
×
Quiz Lab
Quiz Lab
Sports
Hitter
Type in answers that appear in a list
Type in answers that appear in a list
Classic
Best Score? Go Orange.
Last 25 no hitters Stats
Can you name the last 25 no hitters?
By
seife
10m
25 Questions
187 Plays
187 Plays
187 Plays
Comments
Comments
Give Quiz Kudos
Give Quiz Kudos
-
- Ratings
hide this ad
Replay
Link that replays current quiz
Next Quiz
Link to next quiz in quiz playlist
You Got
0%
They Got
Avg Score
71%
Avg Friend Score
Upgrade to see
Score Distribution
Jump to the score distribution portion of the page
Score
0/25
Timer
10:00
0
Plays Today
date
pitcher
% Correct
05/
29/
10*
Roy Halladay
98.4%
05/
18/
04*
Randy Johnson
94.7%
05/
09/
10*
Dallas Braden
93%
04/
17/
10
Ubaldo Jimenez
92%
06/
25/
99
Jose Jimenez
92%
05/
19/
08
Jon Lester
89.3%
06/
25/
10
Edwin Jackson
88.8%
07/
23/
09*
Mark Buehrle
88.2%
07/
10/
09
Jonathan Sanchez
88.2%
04/
18/
07
Mark Buehrle
88.2%
09/
06/
06
Anibal Sanchez
88.2%
09/
14/
08
Carlos Zambrano
87.7%
06/
12/
07
Justin Verlander
86.1%
date
pitcher
% Correct
07/
18/
99*
David Cone
79.7%
05/
17/
98*
David Wells
78.1%
09/
01/
07
Clay Buchholz
74.3%
06/
11/
03 was combined he started
Roy Oswalt
68.4%
04/
27/
02
Derek Lowe
61%
05/
12/
01
AJ Burnett
48.1%
04/
04/
01
Hideo Nomo
46.5%
06/
10/
97
Kevin Brown
42.8%
09/
03/
01
Bud Smith
41.2%
04/
27/
03
Kevin Millwood
38%
09/
11/
99
Eric Milton
27.3%
07/
12/
97 was combined he started
Francisco Cordova
11.2%
Quiz Playlist
Details
Report
Send in Message
Add To Playlist
Classic:
Type in answers that appear in a list
Last Updated: Feb 16, 2017
Quiz Scoreboard
CHALLENGE
Sign Up to Join the Scoreboard
Show All
Scores
Hide
Comments
May contain spoilers
Recently Published
Women Country Music Singer Match-Up
by babymonkee
Music
5m
TV Characters by Other Roles V
by ghcgh
Television
5m
Decade Duel: World Leaders
by jenniferyan
History
4m
More to Explore
Quiz From the Vault
Featured Blog Post
15 Basketball Trivia Facts You Can Be March Mad About
hide this ad
You Might Also Like...
Tags
Against
date
Hitter
last
Pitchers
team
Today's Top Quizzes in Sports
Browse Sports
hide this ad
Today's Top Quizzes in Hitter
Browse Hitter
Top Contributed Quizzes in Sports
1
MLB 2 truths and a lie: Hall of Fame pitchers
2
Les joueurs à 100 buts en Ligue 1 Uber Eats
3
2022 World Cup Stars
4
Pick 6: NFL Teams
5
Pick 6: Minor League Baseball
6
Millionaire: NBA Finals Edition
7
50+ Goals in European Competition
8
Click the 1998 NBA Draft
9
Pick 6: Olympics
10
Iconic Moments in Football - Multiple Choice
Explore More
Trending Topics
Crossword
NBA
Harry Potter
Disney
Marvel
Anime
Kpop
Soccer
WWE
Country
Song
Puzzle
Pokémon
NFL
The Office
hide this ad
More By:
seife
Quiz
Plays
Rating
Category
Featured
Created
MLB MVPs
1,085
1.72
Sports
Jul 14, 2010
most hated people in cleveland sports
375
1.33
Sports
Aug 9, 2010
top 25 most hits in a season
260
1.67
Sports
Jul 15, 2010
Indians all time homerun leaders
258
1.75
Sports
Jul 14, 2010
135 RBI since 1950
246
4.50
Sports
Aug 9, 2010
Go to Creator's Profile
Score Distribution
Quiz Creator Spotlight
seife
Follow
Send a Message
Quizzes Created
-
Created Quiz Play Count
-
More By This Creator
Popular Quizzes Today
1
Countries of Asia Without Outlines Minefield
2
Find the US States - No Outlines Minefield
3
Pick 6: Fruits
4
The Countries of the World
5
Find the Countries of Europe - No Outlines Minefield
6
Alphabetical 'K' Countries by Flag Minefield
7
Find the US States
8
US States
More Sports Quizzes
21st Century XIs: Paris Saint-Germain
Quiz Lab
Trending Quizzes
Pick 6: Mountains
Pick 6: Harry Potter
Pick 6: NFL Teams
Pick 6: Flags
C Names for Actors
Recently Updated
Adaptations: Name the Title
pecheneg
NWSL Teams
pecheneg
Women's Final Four Teams by Year
bhenderson79
Presidents Quartet II
eogle
Anything But Clue(do)
eogle
Anything But Oceanian Capitals
eogle
Anything But 7
eogle
Anything But Thing
eogle
Word Ladder: February 29
pecheneg
Song Title Questions
pecheneg
Trending Topics
Anime
Kpop
Crossword
Harry Potter
Marvel
Disney
NBA
NFL
Country
Soccer
The Office
Pokémon
Song
Puzzle
WWE
Your Account Isn't Verified!
In order to create a playlist on Sporcle, you need to verify the email address you used during registration. Go to your
Sporcle Settings
to finish the process.
Report this User
Report this user for behavior that violates our
Community Guidelines
.
Details:
Send Report
Go to the Sporcle.com Mobile Site →
Comments